| 000 | 00988na a2200313 4500 | ||
|---|---|---|---|
| 001 | 14456 | ||
| 003 | MIRAKIL | ||
| 005 | 20181213155302.0 | ||
| 008 | 160828b tu 000 0 | ||
| 020 | _a9789754827590 (c.3) | ||
| 020 | _a 9789754827569 (c.2) | ||
| 020 | _a9789754827576 (c.1) | ||
| 020 | _a9789754827569 (tk.) | ||
| 035 | _a14456 | ||
| 040 |
_aMilas _btur _cTR-AnCHP |
||
| 082 |
_a956.502 _bC85 2007 |
||
| 090 | _a956.502 C85 2007 | ||
| 245 |
_aCumhuriyet'in başkenti _chazırlayan/editör Atila Cangır |
||
| 246 | _aCumhuriyetin başkenti | ||
| 260 |
_aAnkara _bAnkara Üniversitesi _c2007 |
||
| 300 |
_a3 c. _bres. ; fotg. _c32 sm. |
||
| 490 |
_aAnkara Üniversitesi Kültür ve Sanat yayınları _v3 |
||
| 650 |
_aFotoğraflar _y20. yüzyıl _zAnkara |
||
| 650 |
_aBaşkentler _xFotoğraflar _zTürkiye |
||
| 651 |
_aAnkara _xFotoğraflar _y20. yüzyıl |
||
| 651 |
_aAnkara _xResimli yapıtlar _y20. yüzyıl |
||
| 700 | _aCangır, Atila | ||
| 942 |
_2dcc _cBKS |
||
| 999 |
_c9934 _d9934 |
||